Regulace nabídky peněz prostřednictvím monetární báze
Riadenie menovej politiky. Úloha centrálnej banky. Regulácia ponuky peňazí. Monetárna báza. Zásoba peňažná. Kointegrácia a riadenie - príklad testovania na SRN a Španielsku.
Gespeichert in:
| Format: | Buchkapitel |
|---|---|
| Sprache: | Tschechisch |
| Schlagworte: | |
| Tags: |
Keine Tags, Fügen Sie das erste Tag hinzu!
|
MARC
| LEADER | 00000naa a2200000 4500 | ||
|---|---|---|---|
| 001 | r026390 | ||
| 005 | 20230912090214.0 | ||
| 041 | 0 | |a cze | |
| 044 | |a CZ | ||
| 245 | 1 | 0 | |a Regulace nabídky peněz prostřednictvím monetární báze |
| 520 | |a Riadenie menovej politiky. Úloha centrálnej banky. Regulácia ponuky peňazí. Monetárna báza. Zásoba peňažná. Kointegrácia a riadenie - príklad testovania na SRN a Španielsku. | ||
| 610 | 2 | 0 | |a politika menová |
| 610 | 2 | 0 | |a banky centrálne |
| 610 | 2 | 0 | |a zásoba peňažná |
| 610 | 2 | 0 | |a depozity bankové |
| 610 | 2 | 0 | |a testy |
| 610 | 2 | 0 | |a Nemecko |
| 610 | 2 | 0 | |a Španielsko |
| 610 | 2 | 0 | |a modely |
| 610 | 2 | 0 | |a agregáty menové |